000
00317nam a22001457a 4500
003
SGT
020
_a
978-1-032-63437-1
082
_a
741.5
_b
WHI
100
_a
WHITAKER, HAROLD
245
_a
TIMING FOR ANIMATION
260
_a
LONDON
_b
CRC PRESS
_c
2026
300
_a
166
650
_a
ANIMATION
942
_2
ddc
_c
BK
999
_c
34632
_d
34632